000 00572nam a2200241Ia 4500
003 OSt
005 20220912152936.0
006 a|||||r|||| 00| 0
007 ta
008 220909b |||||||| |||| 00| 0 eng d
024 _a29445
037 _cTextual
040 _aCSL
_beng
_cCSL
041 _aeng
082 _aB396M3, L2
100 _aSneddon Lan N
245 0 _aUse of integral transform
260 _c1972
300 _ap.
_ccm.
650 _aIntegral transform
942 _hB396M3, L2
_cTEXL
_2CC
999 _c94409
_d94409